[Event "7th HD Bank Cup 2017"]
[Site "masterchessopen.com Ho Chi Minh City VIE"]
[Date "2017.03.16"]
[Round "7.42"]
[White "Schebler,G"]
[Black "Luong Phuong Hanh"]
[Result "1-0"]
[WhiteElo "2402"]
[BlackElo "2148"]

1.e4 c5 2.Nf3 e6 3.Nc3 a6 4.g3 d6 5.Bg2 Nf6 6.O-O Be7 7.d3 O-O 8.Ng5 h6 9.Nh3
Nc6 10.f4 Nd4 11.Ne2 e5 12.c3 Nxe2+ 13.Qxe2 Bg4 14.Qe1 Nd7 15.Nf2 exf4 16.gxf4
Re8 17.Kh1 Bh5 18.f5 Nf8 19.Qe3 Nh7 20.Qh3 Bh4 21.Bf4 Be2 22.Rfe1 Bxf2 23.Rxe2
Bh4 24.Rf1 Bg5 25.Bg3 Bf6 26.Qh5 Qd7 27.Bf3 Rad8 28.Rg2 Kh8 29.Bf4 Rg8 30.Bd1
Be5 31.Be3 b5 32.Bb3 c4 33.dxc4 Qb7 34.cxb5 Qxe4 35.Qh3 d5 36.bxa6 Qd3 37.f6
Bxf6 38.Bc2 Ng5 39.Qxh6+ gxh6 40.Bxd3 Rge8 41.Bb6 Rb8 42.Ba7 Ra8 43.Bc5 Rac8
44.Bf2 Be5 45.Re1 f6 46.h4 Ne6 47.Rg6 Nf4 48.Rxh6+ Kg7 49.Rh7+ Kf8 50.Bf5 {#r}
1-0

[Event "7th HD Bank Cup 2017"]
[Site "masterchessopen.com Ho Chi Minh City VIE"]
[Date "2017.03.16"]
[Round "7.43"]
[White "Zou,Chen"]
[Black "Nguyen Van Thanh"]
[Result "1-0"]
[WhiteElo "2338"]
[BlackElo "2238"]

1.e4 c5 2.Nf3 d6 3.d4 cxd4 4.Nxd4 Nf6 5.Nc3 a6 6.Be3 e5 7.Nb3 Be6 8.f3 h5
9.Nd5 Bxd5 10.exd5 Nbd7 11.Qd2 g6 12.Be2 Bg7 13.O-O O-O 14.c4 b6 15.Rae1 Qc7
16.Bg5 Nh7 17.Bh4 Rac8 18.Bd3 a5 19.Na1 f5 20.Nc2 Nc5 21.Na3 Qd7 22.Bb1 Nf6
23.Nb5 Kh7 24.Bg5 Ng8 25.b3 Bh6 26.Bc2 Bxg5 27.Qxg5 Nh6 28.a3 Nf7 29.Qd2 Ra8
30.Ra1 Nh6 31.b4 Nb7 32.f4 Ng4 33.h3 Nf6 34.Bd3 Rfe8 35.Qe3 Qd8 36.Rfe1 Nd7
37.Bf1 Nf6 38.Nc3 Qc7 39.Qf2 Kg7 40.Rac1 Nd7 41.Nb5 Qd8 42.fxe5 Rxe5 43.Rxe5
Nxe5 44.Nd4 Qe7 45.Ne6+ Kh7 46.Qxb6 axb4 47.axb4 f4 48.Qc7 Qxc7 49.Nxc7 Ra2
50.Ne6 Rb2 51.c5 dxc5 52.bxc5 f3 53.Ng5+ Kh6 54.Nxf3 Nxf3+ 55.gxf3 Rd2 56.Ba6
Nd8 57.c6 Nf7 58.c7 Ng5 59.Rc3 {#r} 1-0

[Event "7th HD Bank Cup 2017"]
[Site "masterchessopen.com Ho Chi Minh City VIE"]
[Date "2017.03.16"]
[Round "7.44"]
[White "Nguyen Thi Thanh An"]
[Black "Phan Nguyen Mai Chi"]
[Result "1-0"]
[WhiteElo "2283"]
[BlackElo "2115"]

1.Nf3 Nf6 2.c4 c6 3.Nc3 d5 4.e3 Bf5 5.cxd5 cxd5 6.Qb3 Bc8 7.Bb5+ Nc6 8.Ne5 Qd6
9.d4 e6 10.Bd2 Be7 11.O-O O-O 12.f4 Na5 13.Qc2 a6 14.Bd3 h5 15.Be1 Nc6 16.Qe2
Qd8 17.Bh4 Ng4 18.Bxe7 Qxe7 19.h3 Ngxe5 20.fxe5 Qg5 21.Rf3 b5 22.Qf2 Ra7
23.Rf1 Rc7 24.Rg3 Qh6 25.Rg6 Qh8 26.Rg5 Qh6 27.Qh4 f6 28.Rxh5 Qxe3+ 29.Kh1 f5
30.Bxf5 exf5 31.Rh8+ Kf7 32.Qh5+ g6 33.Qh7+ Ke8 34.Rxf8+ Kxf8 35.Qxc7 Ne7
36.Qxe7+ {#r} 1-0

[Event "7th HD Bank Cup 2017"]
[Site "masterchessopen.com Ho Chi Minh City VIE"]
[Date "2017.03.16"]
[Round "7.45"]
[White "Zhao,Shengxin"]
[Black "Le Thanh Tu"]
[Result "1-0"]
[WhiteElo "2094"]
[BlackElo "2271"]

1.d4 f5 2.g3 Nf6 3.Bg2 g6 4.Nh3 Bg7 5.Nf4 d6 6.d5 c5 7.h4 Na6 8.h5 gxh5 9.e4
Qa5+ 10.c3 Ng4 11.exf5 Bd4 12.O-O Be5 13.Nxh5 Bxf5 14.f3 Nf6 15.Ng7+ {#r} 1-0

[Event "7th HD Bank Cup 2017"]
[Site "masterchessopen.com Ho Chi Minh City VIE"]
[Date "2017.03.16"]
[Round "7.48"]
[White "Rowe,D"]
[Black "Thilakarathne,G M H"]
[Result "0-1"]
[WhiteElo "2162"]
[BlackElo "2213"]

1.e4 c5 2.d4 cxd4 3.c3 dxc3 4.Nxc3 Nc6 5.Nf3 d6 6.Bc4 a6 7.O-O Nf6 8.Be3 e6
9.Qe2 Be7 10.Rfd1 Qc7 11.Rac1 Qb8 12.Bb6 O-O 13.a3 Bd7 14.Ba2 Rc8 15.h3 Be8
16.Nd2 Ne5 17.f4 Ng6 18.f5 Nf4 19.Qf1 e5 20.g3 N4h5 21.Qf3 Bc6 22.Nf1 Bd8
23.Be3 b5 24.g4 Nf4 25.Bxf4 exf4 26.g5 Nd7 27.Qh5 Ne5 28.g6 h6 29.gxf7+ Kh8
30.Rd2 Qa7+ 31.Kh2 f3 32.h4 Bf6 33.Rdc2 Bb7 34.Be6 Rd8 35.Nd5 Bxd5 36.exd5 Nc4
37.Rf2 Ne5 38.Rd2 Rab8 39.b3 b4 40.a4 Rb7 41.Rc6 Rc7 42.Rdc2 Rxc6 43.dxc6 Nxc6
44.Qxf3 Be5+ 45.Kh1 Nd4 46.Qe3 Qe7 47.Rg2 Nxe6 48.fxe6 Qxe6 49.Qd3 Qf6 50.Ne3
Qxh4+ 51.Kg1 Qd4 {#R} 0-1

[Event "7th HD Bank Cup 2017"]
[Site "masterchessopen.com Ho Chi Minh City VIE"]
[Date "2017.03.16"]
[Round "7.49"]
[White "Le,Minh Hoang"]
[Black "Nishant,M"]
[Result "1-0"]
[WhiteElo "2198"]
[BlackElo "2198"]

1.d4 Nf6 2.Nf3 e6 3.e3 c5 4.Bd3 d5 5.b3 Nc6 6.O-O Bd6 7.Bb2 O-O 8.Nbd2 cxd4
9.exd4 b6 10.a3 Bb7 11.Ne5 Ne7 12.Qe2 Rc8 13.f4 Qc7 14.Rae1 a6 15.Rf3 Nf5
16.Rh3 h5 17.Ndf3 Qe7 18.Ra1 b5 19.Ng5 Nh6 20.a4 bxa4 21.Rxa4 Qc7 22.Rxh5 Nxh5
23.Qxh5 Qe7 24.Ng4 Bxf4 25.Nxh6+ gxh6 26.Qxh6 Be3+ 27.Kf1 f5 28.Qxe6+ Qxe6
29.Nxe6 Rf7 30.Nc5 Ba8 31.Rxa6 Re8 32.Bc3 Kg7 33.Bb5 Rb8 34.Be2 Re7 35.Bd3 Rf8
36.Ke2 Bh6+ 37.Kf3 {#r} 1-0

[Event "7th HD Bank Cup 2017"]
[Site "masterchessopen.com Ho Chi Minh City VIE"]
[Date "2017.03.16"]
[Round "7.50"]
[White "Vasilyev,M"]
[Black "Ning,Kaiyu"]
[Result "1-0"]
[WhiteElo "2165"]
[BlackElo "2022"]

1.e4 e6 2.d4 d5 3.Nc3 dxe4 4.Nxe4 Nd7 5.Nf3 Ngf6 6.Ng3 c5 7.c3 Qc7 8.Bd3 Bd6
9.O-O O-O 10.Re1 b6 11.Qe2 Bb7 12.Ne5 Rad8 13.Bf4 Rfe8 14.Rad1 cxd4 15.cxd4
Bb4 16.Rc1 Qd6 17.Red1 Qd5 18.Qf1 Qxa2 19.Bc4 Qxb2 20.Rb1 Qa3 21.Rb3 Qxb3
22.Bxb3 Nxe5 23.Bxe5 Nd5 24.Ne4 Nc3 25.Nxc3 Bxc3 26.Qd3 Bb4 27.Ba4 Rf8 28.Bc2
g6 29.Qh3 Rd7 30.Ba4 Rd5 31.Rc1 Bd2 32.Rc2 Ra5 33.Rxd2 Rxa4 34.f4 Bd5 35.Bf6
h5 36.g4 Ra1+ 37.Kf2 Bc4 38.gxh5 Rf1+ 39.Kg3 Rg1+ 40.Rg2 Bf1 41.Rxg1 Bxh3
42.Kxh3 Kh7 43.hxg6+ fxg6 44.Be5 Rc8 45.Ra1 Ra8 46.Ra6 Kh6 47.Kg4 Re8 48.Rxa7
b5 49.Rb7 b4 50.Rxb4 g5 51.fxg5+ Kg6 52.h4 {#r} 1-0

[Event "7th HD Bank Cup 2017"]
[Site "masterchessopen.com Ho Chi Minh City VIE"]
[Date "2017.03.16"]
[Round "7.51"]
[White "Ivana Maria,F"]
[Black "Chan,Kim Yew"]
[Result "0-1"]
[WhiteElo "2150"]
[BlackElo "2176"]

1.Nf3 g6 2.d4 Bg7 3.Nc3 d5 4.e4 dxe4 5.Nxe4 Bg4 6.c3 Nf6 7.Nxf6+ Bxf6 8.h3 Bf5
9.Bh6 Qd5 10.Be2 Nc6 11.Qb3 O-O-O 12.Qxd5 Rxd5 13.O-O e5 14.g4 Be6 15.g5 Be7
16.Bc4 Rdd8 17.Bxe6+ fxe6 18.Bg7 Rhg8 19.Bxe5 Nxe5 20.dxe5 Rgf8 21.Kg2 Rf5
22.h4 {#R} 0-1

[Event "7th HD Bank Cup 2017"]
[Site "masterchessopen.com Ho Chi Minh City VIE"]
[Date "2017.03.16"]
[Round "8.8"]
[White "Cheparinov,I"]
[Black "Nguyen,Anh Khoi"]
[Result "1-0"]
[WhiteElo "2698"]
[BlackElo "2459"]

1.d4 Nf6 2.c4 g6 3.Nf3 Bg7 4.g3 O-O 5.Bg2 d5 6.O-O dxc4 7.Na3 c3 8.bxc3 c5
9.e3 Nc6 10.Bb2 Bf5 11.Nd2 Qd7 12.e4 Bh3 13.d5 Bxg2 14.Kxg2 Nd8 15.c4 e6
16.Rb1 Ne8 17.Bxg7 Kxg7 18.Nf3 f6 19.e5 exd5 20.cxd5 fxe5 21.Nxe5 Qf5 22.Nac4
b6 23.Rb3 Nf6 24.Re1 Qh5 25.Rf3 Nb7 26.Qa4 Kh8 27.Qc6 Ng4 28.Nxg4 Rxf3 29.Re8+
Rxe8 30.Qxe8+ Kg7 31.Nce5 Rf8 32.Qe7+ Kg8 33.Qxb7 {#r} 1-0

[Event "7th HD Bank Cup 2017"]
[Site "masterchessopen.com Ho Chi Minh City VIE"]
[Date "2017.03.16"]
[Round "8.9"]
[White "Liu,Xiangyi"]
[Black "Mareco,S"]
[Result "0-1"]
[WhiteElo "2443"]
[BlackElo "2664"]

1.e4 c5 2.Nf3 e6 3.Qe2 Nc6 4.g3 d6 5.Bg2 Nf6 6.O-O Be7 7.c3 O-O 8.d4 d5 9.e5
Ne4 10.dxc5 Bxc5 11.Nbd2 Nxd2 12.Bxd2 a5 13.Rfe1 b6 14.Bg5 Qc7 15.Qd2 Ba6
16.Rad1 Rfc8 17.Qc1 b5 18.Bf6 h6 19.Bh4 b4 20.g4 Ne7 21.g5 h5 22.g6 Nxg6
23.Qg5 Nxh4 24.Nxh4 Qa7 25.Kh1 Bxf2 26.Rg1 Qe3 27.Qxh5 Be2 28.Bf3 Bxd1 {#R}
0-1

[Event "7th HD Bank Cup 2017"]
[Site "masterchessopen.com Ho Chi Minh City VIE"]
[Date "2017.03.16"]
[Round "8.10"]
[White "Lu Shanglei"]
[Black "Xu,Yi"]
[Result "1-0"]
[WhiteElo "2624"]
[BlackElo "2444"]

1.e4 c6 2.Nc3 d5 3.Nf3 Nf6 4.e5 Ne4 5.Ne2 Qb6 6.d4 e6 7.Nfg1 f6 8.f3 Ng5 9.f4
Ne4 10.exf6 gxf6 11.Ng3 Bd7 12.Nf3 Nxg3 13.hxg3 c5 14.f5 Nc6 15.Qe2 e5 16.dxe5
fxe5 17.Nxe5 O-O-O 18.Nxd7 Rxd7 19.Qb5 Qc7 20.Bf4 Bd6 21.O-O-O Bxf4+ 22.gxf4
Nd4 23.Qa4 Kb8 24.g3 Nxf5 25.Bh3 Rf7 26.Rhe1 Qc6 27.Qb3 Rd8 28.Re5 Nd4 29.Qd3
Qh6 30.Bg2 Qh2 31.Rxd5 Rxd5 32.Bxd5 Re7 33.Bb3 Qxg3 34.Qxg3 Ne2+ 35.Kd2 Nxg3
36.Rg1 Rg7 37.Re1 h5 38.Be6 h4 39.f5 Nh5 40.Re4 Rg2+ 41.Kd3 Rh2 42.Bf7 Nf6
43.Re6 Nd7 44.Be8 c4+ 45.Kc3 Nc5 46.Re5 b6 47.f6 Rf2 48.f7 Rf4 49.Rh5 Ne4+
50.Kb4 c3 51.Kb3 Rf3 52.bxc3 Nd6 53.Rh8 {#r} 1-0

[Event "7th HD Bank Cup 2017"]
[Site "masterchessopen.com Ho Chi Minh City VIE"]
[Date "2017.03.16"]
[Round "8.12"]
[White "Xu,Yinglun"]
[Black "Shyam,N"]
[Result "1-0"]
[WhiteElo "2540"]
[BlackElo "2440"]

1.d4 Nf6 2.c4 e6 3.Nf3 d5 4.Nc3 c6 5.Bg5 Nbd7 6.e3 Qa5 7.Nd2 Bb4 8.Qc2 O-O
9.Nb3 Qc7 10.Bd3 c5 11.O-O dxc4 12.Bxc4 Bxc3 13.bxc3 b6 14.Rfc1 Bb7 15.f3 Rac8
16.Qb2 h6 17.Bh4 Nd5 18.Bg3 Qd8 19.Qe2 Qg5 20.e4 Nf4 21.Qd2 e5 22.a4 Rcd8
23.a5 Nf6 24.axb6 axb6 25.Ra7 Bc8 26.Bxf4 exf4 27.Qe2 h5 28.Rc7 h4 29.dxc5 Ne8
30.Rc6 b5 31.Bxb5 h3 32.Bc4 Nf6 33.Rd6 Rxd6 34.cxd6 Nd7 35.Bb5 Ne5 36.Rd1
Nxf3+ 37.Qxf3 Qxb5 38.Nd4 Qg5 39.Nf5 Bxf5 40.exf5 hxg2 41.d7 Rd8 42.Qe4 Kf8
43.c4 Qf6 44.c5 Qc3 45.Re1 Qxc5+ 46.Kxg2 Kg8 47.Qe8+ Kh7 48.Qxd8 Qd5+ 49.Kf2
Qd4+ 50.Kf3 Qd5+ 51.Re4 Qd1+ 52.Kg2 f3+ 53.Kf2 Qc2+ 54.Kxf3 Qd3+ 55.Kf4 Qd2+
56.Ke5 Qxh2+ 57.Kd5 Qa2+ 58.Rc4 Qd2+ 59.Kc6 {#r} 1-0

[Event "7th HD Bank Cup 2017"]
[Site "masterchessopen.com Ho Chi Minh City VIE"]
[Date "2017.03.16"]
[Round "8.13"]
[White "Shyam,SM"]
[Black "Nguyen Van Huy"]
[Result "1-0"]
[WhiteElo "2536"]
[BlackElo "2413"]

1.e4 c6 2.d4 d5 3.exd5 cxd5 4.c4 Nf6 5.Nc3 e6 6.Nf3 Bb4 7.cxd5 Nxd5 8.Bd2 O-O
9.Bd3 Nc6 10.O-O Be7 11.a3 Bf6 12.Be3 Nxc3 13.bxc3 b6 14.Qc2 g6 15.h4 Bb7
16.Bh6 Bg7 17.Bxg7 Kxg7 18.Rfe1 Rc8 19.Be4 Na5 20.Bxb7 Nxb7 21.h5 Nd6 22.Qd2
Qf6 23.Ne5 Nc4 24.Qd3 Qf5 25.Qf1 Nd2 26.Qe2 Nb3 27.Rad1 Rxc3 28.d5 exd5
29.Rxd5 Qe6 30.h6+ Kxh6 31.Rd3 Rxd3 32.Qxd3 f6 33.Nf3 Qf7 34.Qd6 Re8 35.Rxe8
Qxe8 36.Qxf6 Qc8 37.Ne5 Qf5 38.Nf7+ Kh5 39.Qg7 Qb1+ 40.Kh2 Kg4 41.f3+ {#r} 1-0

[Event "7th HD Bank Cup 2017"]
[Site "masterchessopen.com Ho Chi Minh City VIE"]
[Date "2017.03.16"]
[Round "8.15"]
[White "Zhou Jianchao"]
[Black "Tran,Minh Thang"]
[Result "1-0"]
[WhiteElo "2619"]
[BlackElo "2406"]

1.d4 Nf6 2.c4 g6 3.Nc3 d5 4.cxd5 Nxd5 5.e4 Nxc3 6.bxc3 Bg7 7.Nf3 c5 8.Rb1 O-O
9.Be2 cxd4 10.cxd4 Qa5+ 11.Bd2 Qxa2 12.O-O b6 13.Qc1 Bb7 14.Bc4 Qa4 15.Bb5 Qa2
16.Re1 Rc8 17.Qd1 Qc2 18.Qe2 Nc6 19.Bd3 Qa2 20.Bc4 Qa4 21.Bb3 Qa3 22.Bxf7+
Kxf7 23.Qc4+ e6 24.Ng5+ Ke8 25.Nxe6 Qe7 26.Nxg7+ Qxg7 27.Qe6+ Qe7 28.Qg8+ Kd7
29.Qd5+ Qd6 30.Qf7+ Qe7 31.Qf3 Ke8 32.d5 Ne5 33.Qg3 Nc4 34.Bg5 Qc7 35.Qh4 Kf8
36.e5 Kg8 37.d6 Qd7 38.Rbd1 Rc5 39.Bf6 Rac8 40.e6 Qc6 41.Qg3 Nxd6 42.Rxd6 Rc1
43.Rdd1 Rxd1 44.Rxd1 Qxe6 45.Bb2 Qe4 46.Qb3+ Qc4 47.Rd8+ Kf7 48.Rd7+ Ke8
49.Qxc4 Rxc4 50.Rxb7 Rb4 51.Rxa7 Rxb2 52.g3 h6 53.Rg7 g5 54.Rh7 b5 55.Rxh6 Kf7
56.Kg2 b4 57.Kf3 g4+ 58.Kxg4 Rxf2 59.h4 b3 60.Rb6 b2 61.Kg5 Rc2 62.h5 Rc5+
63.Kh4 Rc2 64.g4 Kg7 65.h6+ Kh7 66.Kh5 Rh2+ 67.Kg5 Rc2 68.Rb7+ Kg8 69.Kg6 Rc6+
70.Kh5 Rc2 71.g5 Rd2 72.g6 Rh2+ 73.Kg5 Rg2+ 74.Kf6 Rf2+ 75.Ke5 b1=Q 76.Rxb1
Rf8 77.Rb6 Ra8 78.Kf6 Kh8 79.h7 {#r} 1-0

[Event "7th HD Bank Cup 2017"]
[Site "masterchessopen.com Ho Chi Minh City VIE"]
[Date "2017.03.16"]
[Round "8.16"]
[White "Ali,Muhammad Lutfi"]
[Black "Lei Tingjie"]
[Result "1-0"]
[WhiteElo "2416"]
[BlackElo "2480"]

1.e4 e6 2.d4 d5 3.Nd2 c5 4.exd5 Qxd5 5.dxc5 Nf6 6.Ngf3 Qxc5 7.Bd3 Be7 8.O-O
Qc7 9.Re1 Nbd7 10.c3 b6 11.Nb3 Bb7 12.Nbd4 a6 13.Bg5 O-O 14.Bh4 Bd6 15.Bc2
Rfe8 16.Bg3 Bxg3 17.hxg3 b5 18.Qe2 Rac8 19.a3 Bd5 20.Rad1 Qb7 21.Bb3 Bc4
22.Bxc4 bxc4 23.Rd2 Nc5 24.Ne5 Nce4 25.Rdd1 Qc7 26.Ndf3 Nd6 27.Rd4 Nd5 28.Rh4
f6 29.Qc2 g5 30.Rh5 Qg7 31.Ng4 Nf7 32.Nd4 Qg6 33.Qxg6+ hxg6 34.Rh1 e5 35.Nc2
Kg7 36.Rd1 Red8 37.Kh2 a5 38.Rhe1 Rb8 39.Rb1 Nd6 40.Nge3 Nb6 41.Re2 Na4 42.Nd1
Nf5 43.g4 Nd6 44.Nce3 Nc5 45.f3 Ne6 46.Nf2 Nb5 47.Rd1 Rxd1 48.Nfxd1 Rh8+
49.Kg1 Rd8 50.Nf2 Rc8 51.Rd2 Rc6 52.Ne4 Nec7 53.Rd7+ Kf8 54.a4 Na7 55.Nd6 Ne6
56.Nd5 Nc8 57.Rf7+ {#r} 1-0

[Event "7th HD Bank Cup 2017"]
[Site "masterchessopen.com Ho Chi Minh City VIE"]
[Date "2017.03.16"]
[Round "8.17"]
[White "Wynn Zaw Htun"]
[Black "Le Tuan Minh"]
[Result "0-1"]
[WhiteElo "2405"]
[BlackElo "2475"]

1.Nf3 d5 2.g3 Nf6 3.Bg2 Bg4 4.d3 Nbd7 5.Nbd2 e5 6.h3 Bh5 7.e4 c6 8.O-O Bd6
9.Qe1 O-O 10.Nh4 Bg6 11.Nxg6 hxg6 12.Nf3 Re8 13.Ng5 Qb6 14.Bf3 Nf8 15.h4 dxe4
16.dxe4 N6h7 17.Nxh7 Nxh7 18.Kg2 Nf6 19.Rh1 Rad8 20.Qe2 Bf8 21.c3 Qb5 22.c4
Qb4 23.Bg5 Rd4 24.Rac1 Red8 25.Rc3 Qd6 26.Rb3 Qe7 27.h5 gxh5 28.Bxh5 g6 29.Bf3
b6 30.Rc3 c5 31.Rh4 Bg7 32.Rc1 Qe6 33.b3 Kf8 34.Qc2 Rd3 35.Be2 R3d4 36.Be3
R4d7 37.Rch1 Qc6 38.Bf3 Ne8 39.Qc1 Bf6 40.Rh7 Rd3 41.g4 Nc7 42.Bg5 Ke7 43.R1h6
Ne6 44.Be3 Rxe3 45.fxe3 Ng5 46.Rh1 Nxh7 47.Rxh7 Qd6 48.Rh2 Bg5 49.Kg3 Qf6
50.Be2 Rd4 51.Bf3 Rd3 52.Re2 Qh8 53.Kg2 Qf6 54.Kf2 Qd6 55.Qc2 Qd8 56.Qc1 Ke6
57.Kg2 Rd1 58.Qc3 Rd3 59.Qc1 Bh6 60.Qa3 a5 61.Qa4 Bxe3 62.Qc6+ Ke7 63.Qb7+ Kf8
64.Qc6 Bf4 {#R} 0-1

[Event "7th HD Bank Cup 2017"]
[Site "masterchessopen.com Ho Chi Minh City VIE"]
[Date "2017.03.16"]
[Round "8.22"]
[White "Wang Jue"]
[Black "Nguyen Huynh Minh Huy"]
[Result "0-1"]
[WhiteElo "2338"]
[BlackElo "2428"]

1.e4 c5 2.Nf3 g6 3.c4 Nc6 4.d4 cxd4 5.Nxd4 Bg7 6.Be3 Nf6 7.Nc3 d6 8.Be2 O-O
9.O-O Bd7 10.Qd2 Nxd4 11.Bxd4 Bc6 12.f3 Nd7 13.Bf2 a5 14.b3 Nc5 15.Rab1 Qb6
16.Rfc1 Rfc8 17.Rc2 Qd8 18.a3 Qf8 19.Bf1 Bh6 20.Qd1 e6 21.Kh1 Bf4 22.b4 axb4
23.axb4 Na4 24.Ne2 Be5 25.Nd4 Be8 26.Qd2 Qe7 27.Rd1 Nb6 28.Rdc1 Nd7 29.Nb5 Nf6
30.Nd4 Nh5 31.g3 Bg7 32.Be3 Nf6 33.Bg2 Ba4 34.Ra2 Bd7 35.Rxa8 Rxa8 36.Bg5 Qf8
37.Ne2 Ne8 38.Nc3 d5 39.c5 d4 40.Nd1 h6 41.Bf4 g5 42.Be3 dxe3 43.Qxd7 e2
44.Nf2 Bc3 45.Nd3 Nf6 46.Qxb7 Qd8 47.Qb5 Ra1 48.Rxa1 Bxa1 49.c6 Ne8 50.Qc4 Be5
51.b5 Qxd3 52.Qxd3 e1=Q+ 53.Bf1 Qf2 54.Qe2 Qxe2 55.Bxe2 Bc7 56.Kg2 Kf8 57.e5
f6 58.f4 gxf4 59.gxf4 f5 60.Kg3 Bb6 61.Kf3 Nc7 62.Bc4 Ke7 63.Kg3 Na8 64.Kf3
Bc5 65.Bb3 Nb6 66.h3 Kf7 67.Ke2 Nc8 68.Kd3 Bb6 69.h4 Ne7 70.h5 Nc8 71.Ke2 Ke7
72.Kf3 Bc5 73.Bc4 Nb6 74.Bb3 Na8 75.Ke2 Nc7 76.Bc4 Kd8 77.Kd3 Kc8 78.Ke2 Kb8
79.Kd2 Ka7 80.Ke2 Kb6 81.Kf3 Ka5 82.Bd3 Bb6 83.Ke2 Nxb5 84.Bc4 Nc7 85.Bd3 Kb4
86.Bc2 Kb5 87.Bb3 Kxc6 88.Ba4+ Nb5 89.Kd3 Kc5 90.Bb3 Nd4 91.Ba4 Ba5 92.Bd7 Bb4
93.Bc8 Ba3 94.Kd2 Bb2 95.Bb7 Kb6 96.Bc8 Kc7 97.Ba6 Kd7 98.Bf1 Ke7 99.Bg2 Nb5
100.Bf1 Nc7 {#R} 0-1

[Event "7th HD Bank Cup 2017"]
[Site "masterchessopen.com Ho Chi Minh City VIE"]
[Date "2017.03.16"]
[Round "8.23"]
[White "Hesham,A"]
[Black "Vo Thanh Ninh"]
[Result "0-1"]
[WhiteElo "2336"]
[BlackElo "2414"]

1.d4 Nf6 2.c4 e6 3.Nf3 d5 4.Nc3 Be7 5.Bg5 h6 6.Bxf6 Bxf6 7.e3 O-O 8.Qc2 b6
9.h4 g6 10.g4 Bg7 11.g5 h5 12.Bg2 Bb7 13.cxd5 exd5 14.Ne2 Nc6 15.O-O Ne7
16.Nf4 Qd6 17.b4 Ba6 18.Rfb1 Bc4 19.Nd2 b5 20.a4 Bxd4 21.axb5 Bxa1 22.Nxc4
dxc4 23.Rxa1 Qxb4 24.Rb1 Qc5 25.Nd3 Qf5 26.Qxc4 Rad8 27.Rb3 Qg4 28.Qxg4 hxg4
29.e4 c6 30.Ne5 Rb8 31.Ra3 Rxb5 32.Nxg4 Ra8 33.Bf1 Rb4 34.Rf3 Kg7 35.Ne5 Rf8
36.Bc4 a5 37.Kg2 c5 38.Rf6 Ng8 39.Rf3 a4 40.Rc3 Re8 41.f4 f6 42.Nd3 fxg5
43.hxg5 Rxe4 44.Bd5 Re3 45.Kf2 Ne7 46.Bc6 Nf5 47.Bd7 Rxf4+ {#R} 0-1

[Event "7th HD Bank Cup 2017"]
[Site "masterchessopen.com Ho Chi Minh City VIE"]
[Date "2017.03.16"]
[Round "8.25"]
[White "Cao,S"]
[Black "Vo Thi Kim Phung"]
[Result "0-1"]
[WhiteElo "2406"]
[BlackElo "2220"]

1.e4 c5 2.Nc3 e6 3.g3 Nc6 4.Bg2 a6 5.Nf3 b5 6.O-O Bb7 7.Re1 d6 8.d4 cxd4
9.Nxd4 Rc8 10.Be3 Ne5 11.h3 Nf6 12.a3 Nc4 13.Bc1 Qc7 14.b3 Nxa3 15.Nd5 Nxd5
16.exd5 Nxc2 17.Nxc2 Qxc2 18.Qxc2 Rxc2 19.dxe6 Bxg2 20.exf7+ Kxf7 21.Kxg2 Rc6
22.Bb2 Rg8 23.Rec1 Rxc1 24.Rxc1 Be7 25.Rc7 Ra8 26.Bxg7 a5 27.Bb2 a4 28.bxa4
Rxa4 29.Rb7 b4 30.g4 d5 31.h4 Ra2 32.Bd4 Ke6 33.Rb6+ Kd7 34.Rh6 b3 35.Rb6 Ra4
36.Bc3 Rxg4+ 37.Kf3 Rxh4 38.Rxb3 Bd6 39.Kg2 Rh2+ 40.Kf1 Rh3 41.Ke2 d4 42.f3
Rh2+ 43.Kd3 dxc3 44.Rxc3 Ke6 45.Ke3 Kf5 46.Rc4 h5 47.Ra4 Bc5+ 48.Kd3 Bb6
49.Rb4 Bf2 50.Ra4 h4 51.Ke2 Bb6+ 52.Kf1 Rf2+ 53.Ke1 h3 54.Ra5+ Kf4 55.Ra4+
Kxf3 56.Ra3+ Be3 {#R} 0-1

[Event "7th HD Bank Cup 2017"]
[Site "masterchessopen.com Ho Chi Minh City VIE"]
[Date "2017.03.16"]
[Round "8.26"]
[White "Dimakiling,O"]
[Black "Zhou Guijue"]
[Result "1-0"]
[WhiteElo "2405"]
[BlackElo "2220"]

1.c4 e5 2.Nc3 Nf6 3.e3 Nc6 4.a3 g6 5.b4 Bg7 6.Bb2 d6 7.d3 a5 8.b5 Ne7 9.g3 O-O
10.Bg2 c6 11.Nf3 h6 12.Qc2 Be6 13.O-O Rc8 14.bxc6 bxc6 15.c5 Rb8 16.Rab1 dxc5
17.Nxe5 Nfd5 18.Ne4 Bf5 19.Nc4 Bxe4 20.dxe4 Nc7 21.Rfd1 Qc8 22.Bxg7 Rxb1
23.Bxf8 Rxd1+ 24.Qxd1 Kxf8 25.Nxa5 Nb5 26.a4 Qa8 27.Qd2 Nc7 28.Bf1 Ke8 29.Qc3
Qa7 30.Nc4 Qxa4 31.Qh8+ Kd7 32.Nb6+ {#r} 1-0

[Event "7th HD Bank Cup 2017"]
[Site "masterchessopen.com Ho Chi Minh City VIE"]
[Date "2017.03.16"]
[Round "8.27"]
[White "Chen,Qi b"]
[Black "Ervan,Mohamad"]
[Result "1-0"]
[WhiteElo "2328"]
[BlackElo "2401"]

1.e4 c5 2.Nc3 e6 3.Nf3 a6 4.Be2 Nc6 5.d4 cxd4 6.Nxd4 Qc7 7.O-O Nf6 8.Be3 d6
9.f4 Be7 10.Kh1 O-O 11.Qe1 Bd7 12.Qg3 b5 13.a3 Kh8 14.Rae1 Rac8 15.Nxc6 Bxc6
16.Bd3 Nd7 17.Qh3 Nc5 18.f5 Nxd3 19.cxd3 exf5 20.Qxf5 Bf6 21.Qf2 Qd7 22.d4 a5
23.d5 Ba8 24.Bd4 Bxd4 25.Qxd4 Qb7 26.Ne2 f5 27.Nf4 fxe4 28.Qxe4 Qf7 29.Qd3 Qb7
30.h3 Rf6 31.Rf3 Rcf8 32.Ref1 Kg8 33.Kh2 R8f7 34.Qe2 Re7 35.Ne6 Qxd5 36.Rxf6
gxf6 37.Rxf6 h5 38.Rf8+ Kh7 39.Qc2+ {#r} 1-0

[Event "7th HD Bank Cup 2017"]
[Site "masterchessopen.com Ho Chi Minh City VIE"]
[Date "2017.03.16"]
[Round "8.30"]
[White "To,N"]
[Black "Nouri,H"]
[Result "0-1"]
[WhiteElo "2317"]
[BlackElo "2344"]

1.e4 c5 2.Nf3 e6 3.g3 Nc6 4.Bg2 Nf6 5.Qe2 d6 6.O-O Be7 7.c3 O-O 8.d4 cxd4
9.cxd4 d5 10.e5 Ne4 11.Nbd2 Nxd2 12.Bxd2 Bd7 13.h4 Qb6 14.Bc3 a5 15.h5 a4
16.h6 g6 17.Rfd1 a3 18.Rab1 Qc7 19.b3 Rfc8 20.Rbc1 Qd8 21.Qe3 Rc7 22.Bf1 Rac8
23.Bd3 Nb4 24.Bb1 Bb5 25.Bd2 Nc2 26.Qf4 Be2 27.Ba5 Bxd1 28.Rxd1 Nb4 29.Kg2 Qf8
30.Bxc7 Rxc7 31.Rc1 Rc6 32.Rxc6 Nxc6 33.g4 Qd8 34.Kg3 Qb6 35.Bd3 Qb4 36.Kg2
Bd8 37.Bb1 Qc3 38.Qe3 Qb2 39.Qd3 Be7 40.Qb5 Qxb1 41.Qxb7 Qe4 42.Kg3 g5 43.Nh2
Nxd4 44.Qxe7 Ne2+ 45.Kh3 Nf4+ {#R} 0-1

[Event "7th HD Bank Cup 2017"]
[Site "masterchessopen.com Ho Chi Minh City VIE"]
[Date "2017.03.16"]
[Round "8.31"]
[White "Swathi,G"]
[Black "Hoang Thi Bao Tram"]
[Result "0-1"]
[WhiteElo "2254"]
[BlackElo "2340"]

1.e4 c6 2.d4 d5 3.e5 Bf5 4.Nd2 e6 5.Nb3 Nd7 6.Nf3 Ne7 7.Be2 Nc8 8.O-O Be7
9.Ne1 Bg6 10.Bd3 O-O 11.f4 c5 12.f5 exf5 13.Bxf5 Bxf5 14.Rxf5 cxd4 15.Qxd4 Qb6
16.Be3 Qe6 17.Qf4 Ncb6 18.Nd3 Nc4 19.Bd4 g6 20.Rf6 Nxf6 21.exf6 Bd8 22.Rf1 Kh8
23.Nbc5 Qe8 24.b3 b6 25.Nb7 g5 26.Qxg5 Rg8 27.Qxd5 Ne3 28.Bxe3 Qxe3+ 29.Kh1
Bc7 30.Re1 Qd2 31.Rg1 Bxh2 {#R} 0-1

[Event "7th HD Bank Cup 2017"]
[Site "masterchessopen.com Ho Chi Minh City VIE"]
[Date "2017.03.16"]
[Round "8.33"]
[White "Torre,E"]
[Black "Zou,Chen"]
[Result "1-0"]
[WhiteElo "2481"]
[BlackElo "2338"]

1.d4 Nf6 2.Bg5 d5 3.e3 c5 4.c3 Nc6 5.Nf3 Bg4 6.Nbd2 e6 7.Qa4 Bxf3 8.Nxf3 Qb6
9.Rb1 cxd4 10.exd4 Nd7 11.Bd3 Bd6 12.O-O O-O 13.Qc2 g6 14.Rbd1 Qc7 15.h4 Rfc8
16.a3 Be7 17.Bxe7 Nxe7 18.Rfe1 Nf6 19.Qd2 Nc6 20.Ne5 Qe7 21.Qf4 Nh5 22.Qh2 Qc7
23.Be2 Ng7 24.h5 Nf5 25.hxg6 hxg6 26.Bd3 Kg7 27.Bxf5 exf5 28.Qf4 Na5 29.Rd3
Qb6 30.Rg3 Qe6 31.Ree3 Qf6 32.Nd7 Qd8 33.Qe5+ f6 34.Qxf5 {#r} 1-0

[Event "7th HD Bank Cup 2017"]
[Site "masterchessopen.com Ho Chi Minh City VIE"]
[Date "2017.03.16"]
[Round "8.35"]
[White "Kyaw Lin Naing"]
[Black "Schebler,G"]
[Result "0-1"]
[WhiteElo "2289"]
[BlackElo "2402"]

1.e4 c6 2.Nc3 d5 3.Nf3 Bg4 4.h3 Bh5 5.exd5 cxd5 6.Bb5+ Nc6 7.g4 Bg6 8.Ne5 Rc8
9.d4 e6 10.h4 f6 11.Nxg6 hxg6 12.Bd3 f5 13.gxf5 gxf5 14.Ne2 Rxh4 15.Rg1 Bd6
16.Bg5 Qa5+ 17.c3 Rh7 18.Qd2 Nf6 19.f3 Kf7 20.a3 b5 21.Bf4 Be7 22.b4 Qb6 23.a4
a5 24.bxa5 Nxa5 25.Rb1 b4 26.cxb4 Nc4 27.Bxc4 Rxc4 28.a5 Qb5 29.Nc3 Qd7 30.Na2
Qa4 31.Rb2 Rh8 32.Be5 Rhc8 33.Qg5 Qa3 34.Qg6+ Kf8 35.Re2 Qxf3 36.Qxg7+ Ke8
37.Qg3 Qg4 {#R} 0-1